| 000 | 00434nam a22001457a 4500 | ||
|---|---|---|---|
| 003 | SGT | ||
| 082 |
_a617.632 _bT20B |
||
| 100 | _aBhardwaj, Amit | ||
| 245 | _aTo determine and correlate the Chronic Periodontitis status and Blood groups in two major ethnic groups of Indian population | ||
| 260 |
_aGurugram, Haryana _bSGT University _c2020 |
||
| 300 | _a70 | ||
| 650 | _aPeriodontology | ||
| 653 | _aPeriodontology | ||
| 942 |
_2ddc _cTH |
||
| 999 |
_c23896 _d23896 |
||